Gramática española (Record no. 185243)
[ view plain ]
| 000 -LEADER | |
|---|---|
| campo de control de longitud fija | 00894nam a2200229 i 4500 |
| 001 - NÚMERO DE CONTROL | |
| campo de control | 185243 |
| 003 - IDENTIFICADOR DE NÚMERO DE CONTROL | |
| campo de control | SpMaBN |
| 005 - FECHA Y HORA DE LA ÚLTIMA TRANSACCIÓN | |
| campo de control | 20231129140051.0 |
| 008 - DATOS DE LONGITUD FIJA--INFORMACIÓN GENERAL | |
| campo de control de longitud fija | 160425r20071947sp a f |||| | spa d |
| 020 ## - NÚMERO INTERNACIONAL ESTÁNDAR DEL LIBRO | |
| Número Internacional Estándar del Libro | 978-84-473-5187-9 |
| 080 ## - NÚMERO DE LA CLASIFICACIÓN DECIMAL UNIVERSAL | |
| Número de la Clasificación Decimal Universal | 811.134.2'36(07) |
| 245 00 - MENCIÓN DEL TÍTULO | |
| Título | Gramática española |
| Resto del título | : segundo grado / |
| Mención de responsabilidad, etc. | por Edelvives. |
| 260 ## - PUBLICACIÓN, DISTRIBUCIÓN, ETC. | |
| Lugar de publicación, distribución, etc. | [Barcelona : |
| Nombre del editor, distribuidor, etc. | RBA Coleccionables, |
| Fecha de publicación, distribución, etc. | 2007] |
| 300 ## - DESCRIPCIÓN FÍSICA | |
| Extensión | 216 p. : |
| Otras características físicas | il. col. ; |
| Dimensiones | 21 cm. |
| 490 1# - MENCIÓN DE SERIE | |
| Mención de serie | Colección de textos escolares. III, Lengua española ; |
| Designación de volumen o secuencia | 3 |
| 534 ## - NOTA SOBRE LA VERSIÓN ORIGINAL | |
| Frase introductoria | Reprod. de la ed. de: |
| Publicación, distribución, etc. del original | Zaragoza: Luis Vives, 1947 ( |
| Mención de serie del original | Colección de textos escolares. III, Lengua española; 3) |
| 710 2# - ENTRADA AGREGADA--NOMBRE DE ENTIDAD CORPORATIVA | |
| Nombre de entidad corporativa o nombre de jurisdicción como elemento de entrada | Editorial Luis Vives. |
| 9 (RLIN) | 3445 |
| 830 0# - PUNTO DE ACCESO ADICIONAL DE SERIE-TÍTULO UNIFORME | |
| Título uniforme | Colección de textos escolares. III, Lengua española ; |
| Designación de volumen o secuencia | 3 |
| 9 (RLIN) | 225178 |
| 852 ## - LOCALIZACIÓN | |
| Ubicación | ES-MaACL |
| Número de control de estantería | A-13715 |
| Nota libre | enc. cart. |
| itemnumber | 192263 |
| Sublocalización o colección | R.150367 |
| Ubicación en estantería | Depósito 1 |
| Signatura antigua | Olim: N-6715 |
| 942 ## - ELEMENTOS DE ENTRADA SECUNDARIOS (KOHA) | |
| Fuente del sistema de clasificación o colocación | Clasificación decimal universal |
| Estatus retirado | Estado de pérdida | Fuente del sistema de clasificación o colocación | Estado de daño | No para préstamo | Biblioteca de origen | Biblioteca actual | Ubicación en estantería | Fecha de adquisición | Fuente de adquisición | Total de préstamos | Signatura topográfica completa | Código de barras | Visto por última vez | Precio de reemplazo | Tipo de ítem Koha |
|---|---|---|---|---|---|---|---|---|---|---|---|---|---|---|---|
| Clasificación decimal universal | Biblioteca del Ateneo de Madrid | Biblioteca del Ateneo de Madrid | Depósito 1 | 25/04/2016 | Donación | A-13715 | 1195157 | 23/02/2023 | 23/02/2023 | Libro impreso |
